000 00708nam a22002297a 4500
005 20170124110045.0
010 _aA-897812
020 _c00.00
_a8120721020
035 _aA-897812
037 _bCen Lib/Ret
040 _aDPL
_bEN
082 _a881
_bTAQ
245 _aMir taqi mir :
_ctranslated by K.C. Kanda
_bselected poetry /
260 _aNew Delhi
_bSterling Publishers
_c1997
270 _aL-10, green park extention
_bNew Delhi
_e110016
300 _aix, 318p.
_c21cm(Hb)
500 _aIncludes bibliographical references and index
650 _aUrdu Literature
_924418
650 _aUrdu poetry
_924419
700 _aKanda, K.C.
_923226
942 _2ddc
_cEN
_h881
_mTAQ
999 _c128778
_d128778